Which Countries Read The Most? - Statistics

General Stats
  • This quiz has been taken 58 times
  • The average score is 21 of 27
Answer Stats
Rank Region Country % Correct
3 East Asia China
90%
14 Oceania Australia
86%
1 South Asia India
86%
22 Southern Europe Italy
86%
7 Scandanavia Sweden
86%
24 Western Europe United Kingdom
86%
21 North America United States
86%
9 Western Europe France
84%
27 East Asia Japan
84%
25 South America Brazil
82%
19 North America Canada
82%
20 Western Europe Germany
82%
18 Southern Europe Spain
82%
16 South America Argentina
80%
2 Southeast Asia Thailand
80%
28 East Asia South Korea
78%
15 Southeast Asia Indonesia
74%
23 North America Mexico
74%
11 Eastern Europe Poland
74%
26 East Asia Taiwan
70%
4 Southeast Asia Philippines
68%
13 Southern Africa South Africa
68%
17 Middle East Turkey
68%
12 South America Venezuela
68%
10 Central Europe Hungary
62%
6 Central Europe Czech Republic
58%
5 Middle East Egypt
50%
No matching quizzes found
Score Distribution
Percent of People with Each Score
Percentile by Number Answered
Your Score History
You have not taken this quiz